Top 7 Languages in Africa - Statistics

General Stats
  • This quiz has been taken 54 times
  • The average score is 5 of 7
Answer Stats
N° of Speakers Answer % Correct
120M French
100%
237M English
98%
170M Arabic
94%
100M Swahili
80%
57M Amharic
63%
50M Yoruba
45%
75M Hausa
37%
No matching quizzes found
Score Distribution
Percent of People with Each Score
Percentile by Number Answered
Your Score History
You have not taken this quiz